书目信息 |
| 题名: |
模糊的余影
|
|
| 作者: | 石评梅 著 | |
| 分册: | ||
| 出版信息: | 长春 吉林出版集团股份有限公司 2017.9 |
|
| 页数: | 217页 | |
| 开本: | 23cm | |
| 丛书名: | 昨日芳菲 : 近现代名家经典作品丛刊 | |
| 单 册: | ||
| 中图分类: | I266.4 | |
| 科图分类: | ||
| 主题词: | 游记--作品集--中国--现代 | |
| 电子资源: | ||
| ISBN: | 978-7-5581-2917-9 | |
| 000 | 01150oam2 2200253 45 | |
| 001 | 012001003201 | |
| 005 | 20140926114740.0 | |
| 010 | @a978-7-5581-2917-9@dCNY42.80 | |
| 100 | @a20170816d2017 em y0chiy0110 ea | |
| 101 | 0 | @achi |
| 102 | @aCN@b220000 | |
| 105 | @ay z 000yy | |
| 106 | @ar | |
| 200 | 1 | @a模糊的余影@9mo hu de yu ying@f石评梅著 |
| 210 | @a长春@c吉林出版集团股份有限公司@d2017.9 | |
| 215 | @a217页@d23cm | |
| 225 | 2 | @a昨日芳菲 : 近现代名家经典作品丛刊 |
| 330 | @a《模糊的余影》是石评梅创作的长篇游记,1923年9月在《晨报副刊》上连载。石评梅是中国现代女性求独立、求平等、求解放、求自由的先驱,她短暂的一生的悲剧性色彩,恰是那个时代妇女命运的应对,也是那个时代国家命运的映照。庐隐曾评价她说,石评梅注定了是悲剧中的主角。她经历了从幻想到现实痛苦,从虚幻、失望、渴望到仇恨、反抗、破坏的连续悲剧起落的过程。她的散文就是她自身的情感苦旅和其中巨大的思考时空的真实记录,感情真挚浓烈,令人深陷其中。 | |
| 461 | 0 | @12001 @a昨日芳菲 : 近现代名家经典作品丛刊 |
| 606 | 0 | @a游记@x作品集@y中国@z现代 |
| 690 | @aI266.4@v5 | |
| 701 | 0 | @a石评梅@9shi ping mei@4著 |
| 801 | 0 | @aCN@b上海新华@c20180901 |
| 905 | @b1162357-61@dI266.4@e3226@f5 | |
| 模糊的余影/石评梅著.-长春:吉林出版集团股份有限公司,2017.9 |
| 217页;23cm.-(昨日芳菲 : 近现代名家经典作品丛刊) |
| ISBN 978-7-5581-2917-9:CNY42.80 |
| 《模糊的余影》是石评梅创作的长篇游记,1923年9月在《晨报副刊》上连载。石评梅是中国现代女性求独立、求平等、求解放、求自由的先驱,她短暂的一生的悲剧性色彩,恰是那个时代妇女命运的应对,也是那个时代国家命运的映照。庐隐曾评价她说,石评梅注定了是悲剧中的主角。她经历了从幻想到现实痛苦,从虚幻、失望、渴望到仇恨、反抗、破坏的连续悲剧起落的过程。她的散文就是她自身的情感苦旅和其中巨大的思考时空的真实记录,感情真挚浓烈,令人深陷其中。 |
| ● |
| 相关链接 |
|
|
|
|
正题名:模糊的余影
索取号:I266.4/3226
 
预约/预借
| 序号 | 登录号 | 条形码 | 馆藏地/架位号 | 状态 | 备注 |
| 1 | 1162357 | 211623572 | 第一样本阅览室/ [索取号:I266.4/3226] | 在馆 | |
| 2 | 1162358 | 211623581 | 第二借阅区/ [索取号:I266.4/3226] | 在馆 | |
| 3 | 1162359 | 211623590 | 第二借阅区/ [索取号:I266.4/3226] | 在馆 | |
| 4 | 1162360 | 211623607 | 密集书库-文学院/ [索取号:I266.4/3226] | 在馆 | |
| 5 | 1162361 | 211623616 | 第二借阅区/ [索取号:I266.4/3226] | 在馆 |